Carmilla la mujer vampiro
Збережено в:
| Автор: | |
|---|---|
| Формат: | Книга |
| Мова: | Іспанська |
| Опубліковано: |
Valencia
La Máscara
2000
|
| Серія: | Malditos Heterodoxos
|
| Предмети: | |
| Теги: |
Додати тег
Немає тегів, Будьте першим, хто поставить тег для цього запису!
|
MARC
| LEADER | 00000nam a2200000 a 4500 | ||
|---|---|---|---|
| 001 | UCN3558 | ||
| 003 | CL-VaPUC | ||
| 008 | 010629e20000000SP |||||||||||||||||spa|d | ||
| 082 | 0 | 4 | |a 823 |b LEF |2 21 |
| 100 | |a Sheridan Le Fanu, Joseph |e author |9 574434 | ||
| 245 | 1 | 0 | |a Carmilla la mujer vampiro |
| 300 | |a 108 p | ||
| 942 | |c BK | ||
| 945 | |d 20010629 00:00:00 |a cmena | ||
| 260 | |a Valencia |b La Máscara |c 2000 | ||
| 650 | 0 | |a Novelas irlandesas |9 266298 | |
| 650 | 0 | |a Literatura irlandesa |9 349943 | |
| 650 | 0 | |a Literatura de terror |9 460134 | |
| 650 | 0 | |a Literatura vampírica |9 460135 | |
| 583 | |a last modification |c 20010629 00:00:00 |k Rodrigo Vera | ||
| 490 | 0 | |a Malditos Heterodoxos | |
| 999 | |c 296403 |d 296401 | ||
| 952 | |0 0 |1 0 |4 0 |6 823_000000000000000_LEF_2000 |7 0 |8 A |9 350154 |a FDOPOS |b FDOPOS |d 2019-11-20 |i 3734463 |o 823 LEF 2000 |p 3734463 |r 2025-01-22 |w 2019-11-20 |y BK |k MLH | ||